|
|
|
|
| LEADER |
01358nam a2200325 i 4500 |
| 001 |
c000125735 |
| 003 |
CARM |
| 005 |
00000000000000.0 |
| 008 |
761108s1976 enk 00011 eng |
| 010 |
|
|
|a 76376518 //r956
|
| 015 |
|
|
|a GB76-09566
|
| 019 |
1 |
|
|a 795932
|z 40264214
|z 55203817
|z 57980128
|5 LACONCORD2021
|
| 020 |
|
|
|a 0720602734 :
|c L.3.75
|
| 035 |
|
|
|a (OCoLC)2565226
|5 LACONCORD2021
|
| 041 |
1 |
|
|a engfre
|
| 050 |
|
0 |
|a PZ3.C67984
|b Dv6
|a PQ2605.O28
|
| 082 |
0 |
0 |
|a 843/.9/12
|
| 100 |
0 |
|
|a Colette,
|d 1873-1954.
|
| 240 |
1 |
0 |
|a Duo.
|l English
|
| 245 |
1 |
0 |
|a Duo and Le Toutounier :
|b two novels /
|c Colette ; translated from the French and with an introduction by Margaret Crosland.
|
| 260 |
|
|
|a London :
|b Owen,
|c 1976.
|
| 300 |
|
|
|a vii, 214 p. ;
|c 20 cm.
|
| 500 |
|
|
|a Translation of Duo (first published in 1934) and Le Toutounier (first published in 1939).
|
| 600 |
0 |
0 |
|a Colette,
|d 1873-1954
|x Translations into English.
|
| 650 |
|
0 |
|a French fiction
|y 20th century
|x Translations into English.
|
| 651 |
|
0 |
|a France
|x Social life and customs
|x Fiction.
|
| 700 |
0 |
2 |
|a Colette,
|d 1873-1954
|t Toutounier.
|l English.
|f 1976.
|
| 852 |
8 |
|
|b CARM
|h A2:AE33B0
|i B00126
|p 0006958
|f BK
|
| 999 |
f |
f |
|i db740f7f-e104-5f57-8be7-bcebb3bcf810
|s 3a975341-eab7-5491-8a88-3d4752318788
|
| 952 |
f |
f |
|p Can circulate
|a CAVAL
|b CAVAL
|c CAVAL
|d CARM 1 Store
|e B00126
|f A2:AE33B0
|h Other scheme
|i book
|m 0006958
|